Environmental geology. (9th ed.) (Record no. 62742)

MARC details
000 -LEADER
fixed length control field 00808nam a2200193 a 4500
008 - FIXED-LENGTH DATA ELEMENTS--GENERAL INFORMATION
fixed length control field 120131s2011 ||||||||||||||||| || u
020 ## - INTERNATIONAL STANDARD BOOK NUMBER
International Standard Book Number 9780071222044
050 ## - LIBRARY OF CONGRESS CALL NUMBER
Classification number QE 38 Mon
100 ## - MAIN ENTRY--PERSONAL NAME
Personal name Montgomery, Carla W
245 10 - TITLE STATEMENT
Title Environmental geology. (9th ed.)
Statement of responsibility, etc. by Carla W. Montgomery
250 ## - EDITION STATEMENT
Edition statement 9th ed.
260 ## - PUBLICATION, DISTRIBUTION, ETC.
Place of publication, distribution, etc. New York:
Name of publisher, distributor, etc. McGraw-Hill
Date of publication, distribution, etc. 2011
300 ## - PHYSICAL DESCRIPTION
Extent xvi, [various pagings] : ill.
350 ## -
-- 0.00
500 ## - GENERAL NOTE
General note Includes Index
650 ## - SUBJECT ADDED ENTRY--TOPICAL TERM
Topical term or geographic name entry element ENVIRONMENTAL GEOLOGY
995 ## -
-- MAIN LIBRARY OPEN ACCESS
-- 742810
-- CBU-MAIN LIBRARY (Kitwe)
-- 0.00
-- QE 38 Mon
-- 1
-- AVAILABLE
-- Jun 15, 2012
-- 742810
-- Main Library Open Access Collection
995 ## -
-- MAIN LIBRARY OPEN ACCESS
-- 742811
-- CBU-MAIN LIBRARY (Kitwe)
-- 0.00
-- QE 38 Mon
-- 2
-- AVAILABLE
-- Jun 15, 2012
-- 742811
-- Main Library Open Access Collection
999 ## -
-- 62742
-- 62742
Holdings
Withdrawn status Lost status Source of classification or shelving scheme Damaged status Not for loan Permanent Location Current Location Shelving location Date acquired Total Checkouts Full call number Barcode Date last seen Price effective from Koha item type
          CBU-MAIN LIBRARY, KITWE. CBU-MAIN LIBRARY, KITWE.   12/16/2022   QE 38 Mon 742810 12/16/2022 12/16/2022 MONOGRAPH
          CBU-MAIN LIBRARY, KITWE. CBU-MAIN LIBRARY, KITWE.   12/16/2022   QE 38 Mon 742811 12/16/2022 12/16/2022 MONOGRAPH